Vzdelávanie v bankovníctve

Systém vzdelávania v bankovníctve má 3 hlavné formy: rekvalifikácia, inovácia, zvyšovanie kvalifikácie. Problematika vzdelávania v bankovníctve na vysokých školách (Katedra finančníctva NHF EU v Bratislave).

Gespeichert in:
Bibliographische Detailangaben
1. Verfasser: Makúch, Jozef, 1953-
Format: Buchkapitel
Sprache:Slowakisch
Schlagworte:
Tags: Tag hinzufügen
Keine Tags, Fügen Sie das erste Tag hinzu!

MARC

LEADER 00000naa a2200000 4500
001 r017351
005 20221214064710.9
041 0 |a slo 
044 |a SK 
245 1 0 |a Vzdelávanie v bankovníctve  |c Jozef Makúch 
520 |a Systém vzdelávania v bankovníctve má 3 hlavné formy: rekvalifikácia, inovácia, zvyšovanie kvalifikácie. Problematika vzdelávania v bankovníctve na vysokých školách (Katedra finančníctva NHF EU v Bratislave). 
610 2 0 |a bankovníctvo 
610 2 0 |a vzdelávanie 
610 2 0 |a školy vysoké 
610 2 0 |a Ekonomická univerzita v Bratislave 
610 2 0 |a Slovensko 
100 1 |a Makúch, Jozef, 1953-